000 00721nam a2200289Ia 4500
005 20260324143927.0
008 008 260324s9999 xx 000 0 eng d
020 _a9781003557319
037 _aEBOOK
040 _aCRL
040 _beng
040 _cCRL
041 _2eng
041 _aeng
084 _qCRL
100 _aAlbert C. Lewis; Nicholas Griffin
_91217443
245 4 _aThe Collected Papers of Bertrand Russell, Volume 2
245 4 _bThe Philosophical Papers 1896-99
260 _bTaylor and Francis
260 _c1990
365 _a
365 _b280
856 _uhttp://www.taylorfrancis.com/books/9781003557319
942 _cEBOOK
999 _c1823427
_d1823427